Zaznacz NIE - nagła śmierć - Statystyki

Ogólne statystyki
  • Ten quiz został rozwiązany 156 razy
  • Średni wynik to 13 z 14
Answers on the Grid
Answers color-coded by a green-red scale on the quiz's grid according to % correct below.
NIE
TAK
NIE WIEM
NIE
NIE
TAK
NIE
NIE WIEM
TAK
NIE WIEM
NIE
NIE
NIE
TAK
NIE WIEM
NIE
NIE WIEM
TAK
TAK
NIE
NIE
NIE WIEM
TAK
TAK
NIE WIEM
NIE
NIE
NIE
TAK
NIE
 
Statystyki odpowiedzi
Odpowiedź % Poprawnych
NIE
98%
NIE
97%
NIE
95%
NIE
94%
NIE
93%
NIE
93%
NIE
92%
NIE
92%
NIE
92%
NIE
92%
NIE
91%
NIE
91%
NIE
91%
NIE
91%
Nie znaleziono quizów pasujących do podanych kryteriów
Rozkład punktacji
Procent ludzi z każdym wynikiem
Percentyl według liczby udzielonych odpowiedzi
Twoja historia wyników
Nie rozwiązałeś tego quizu